Taylor Swift - High Infidelity (Lyrics) - Statistics

General Stats
  • This quiz has been taken 1,217 times
  • The average score is 297 of 375
Answer Stats
Answer % Correct
I
99%
you
99%
You
99%
High
96%
in
96%
to
96%
infidelity
95%
the
95%
The
95%
and
94%
And
94%
me
94%
on
94%
was
94%
where
94%
know
93%
your
93%
Your
93%
Do
91%
April
89%
really
89%
he
88%
Put
88%
want
88%
dancing
87%
have
87%
it
87%
my
87%
29th?
86%
around,
86%
around
86%
is
85%
regret
85%
eyes?
84%
his
83%
love
80%
records
80%
were
79%
one
78%
too
78%
way
78%
city
77%
constellations
77%
enough
77%
enough,
77%
never
77%
that
77%
them
77%
kill
76%
loving
76%
back
75%
burn
75%
can
75%
didn't
75%
didn't
75%
life?
75%
brought
74%
how
74%
many
74%
tell
74%
count
73%
different
73%
keeping
73%
ways
73%
as
72%
far
72%
there's
72%
truth
70%
chart
69%
slowest
69%
sharp
67%
bent
66%
knives
65%
tonight
65%
headphones
63%
fence
62%
spoken
61%
meeting
60%
said
59%
broken,
58%
it's
58%
picket
58%
slur
58%
But,
57%
good
54%
Lock
54%
time
54%
freeloading
53%
At
52%
at
52%
token
50%
game
49%
right
49%
Bad
48%
husband
47%
open,
47%
like
45%
if
44%
just
44%
omen
44%
thing
43%
Wound
43%
down
42%
house
42%
money
40%
feet
39%
I'd
39%
aisle
38%
Dragged
37%
Seemed
36%
you'd
36%
lonely,
35%
hoping
32%
pay
32%
Rain
32%
blind
31%
soaking,
29%
Storm
28%
coming,
27%
No matching quizzes found
Score Distribution
Percent of People with Each Score
Percentile by Number Answered
Your Score History
You have not taken this quiz